Statistiques concernant les équipes de Thierry Henry

Cliquez ici pour prendre le quiz!

Statistiques générales

  • Ce quiz a été pris 201 fois
  • Le résultat moyen est 5 sur 6

Statistiques - réponses

annéeséquipes% Correct
1999-2007Arsenal
99%
1994-1999AS Monaco
95%
2007-2010FC Barcelone
93%
1997-2010France
78%
1999-1999Juventus Turin
78%
2010-2014New York Red Bulls
37%

Distribution des résultats

Percentile par nombre de réponses

% des personnes avec chaque résultat

Votre développement - résultats

Vous n’avez pas pris ce quiz